000 00462cam a2200157 4500500
005 20260405003030.0
041 _afre
042 _adc
100 1 0 _aOrtoli, Sven
_eauthor
245 0 0 _aTombe la neige
260 _c2020.
500 _a57
690 _aNeige
786 0 _nPhilosophie magazine | 137 | 3 | 2020-03-01 | p. 13-13 | 1951-1787
856 4 1 _uhttps://shs.cairn.info/magazine-philosophie-magazine-2020-3-page-13?lang=fr&redirect-ssocas=7080
999 _c2063722
_d2063722